Структура Илинского золоторудного месторождения; Известия вузов. Геология и разведка; № 11

Bibliographic Details
Parent link:Известия вузов. Геология и разведка.— , 1958-.— 0016-7762
№ 11.— 1961.— С. 68-72
Main Author: Шубин Г. В. Генрих Владимирович
Language:Russian
Published: 1961
Subjects:
Format: MixedMaterials Book Chapter
KOHA link:https://koha.lib.tpu.ru/cgi-bin/koha/opac-detail.pl?biblionumber=576380

MARC

LEADER 00000naa2a2200000 4500
001 576380
005 20231101130249.0
035 |a (RuTPU)RU\TPU\prd\275457 
035 |a RU\TPU\tpu\3179 
090 |a 576380 
100 |a 20180220a1961 k y0rusy50 ca 
101 0 |a rus 
102 |a RU 
200 1 |a Структура Илинского золоторудного месторождения  |f Г. В. Шубин 
461 |0 (RuTPU)RU\TPU\prd\464  |x 0016-7762  |t Известия вузов. Геология и разведка  |d 1958- 
463 |0 (RuTPU)RU\TPU\prd\36691  |t № 11  |v С. 68-72  |d 1961 
610 1 |a геолого-географические науки 
610 1 |a труды учёных ТПУ 
700 1 |a Шубин  |b Г. В.  |c российский геолог  |c профессор Томского политехнического университета  |f 1930-2002  |g Генрих Владимирович  |2 stltpush  |3 (RuTPU)RU\TPU\pers\13903 
801 0 |a RU  |b 63413507  |c 20011210  |g PSBO 
801 2 |a RU  |b 63413507  |c 20180220  |g PSBO 
942 |c BK